| 000 | 003590000a22001690004500 | ||
|---|---|---|---|
| 005 | 20120302065216.0 | ||
| 942 | _cBOOK | ||
| 100 |
_a _a _b _c |
||
| 245 | _a Aleli Susandhi Sodu Naka | ||
| 250 | _a 1st | ||
| 260 | _aPune:Sarita Prakashan,1996 | ||
| 300 | _a105p | ||
| 490 | _a692 | ||
| 040 | _aMar | ||
| 365 | _b35/- | ||
| 650 | _aSankirna, Miscellaneous | ||
| 999 |
_c364180 _d364177 |
||